| 000 | 00669nam a22001577a 4500 | ||
|---|---|---|---|
| 008 | 160525b xxu||||| |||| 00| 0 eng d | ||
| 082 |
_22011 _aUT 0280 _bP14 |
||
| 100 |
_98895 _aPagkaliwagan, Jessa Katrina S. |
||
| 245 |
_aProduction practices and productivity level of seaweed farmers in Badiang, Digos City/ _cJessa Katrina S. Pagkaliwagan, Jean R. Ochavilo and Ken N. Geverola. |
||
| 260 |
_aDigos City: _bUMDC _cMarch 2011. |
||
| 300 |
_a44 pages _c28 cm. |
||
| 650 | 0 |
_98894 _aBusiness Administration _vHuman Resource Management _vFinancial Management _xUndergraduate thesis. |
|
| 700 |
_98892 _aOchavillo, Jean R. |
||
| 700 |
_98893 _aGeverola, Ken N. |
||
| 942 |
_2ddc _cUT |
||
| 999 |
_c2696 _d2696 |
||